00263nam a2200097Ia 4500008004100000082001600041245006100057245001900118260001900137300000900156231017s9999 xx 000 0 und d a307.1216097 0aCity Making: Building Communities without Building Walls 0cGerald E. Frug bGerald E. Frug c30cm